[Event "spring tournament"]
[Site "SchemingMind.com"]
[Date "2014.05.21"]
[Round "-"]
[White "Bengochess"]
[Black "JDan"]
[Result "1-0"]
[WhiteCountry "BEL"]
[BlackCountry "POL"]
[WhiteElo "1910"]
[WhiteRD "149"]
[BlackElo "1615"]
[BlackRD "61"]
[GameID "358689"]

1. Nf3 e6 2. c4 d5 3. g3 dxc4 4. Qa4+ Nc6 5. Qxc4 f5 6. Bg2 Nf6 7. Nc3 a6 8. d4 Nb4 9. O-O Be7 10. Ng5 Nc2
11. Rb1 Nxd4 12. Rd1 c5 13. e3 O-O 14. exd4 cxd4 15. Qxd4 Qxd4 16. Rxd4 Ng4 17. h3 Ne5 18. Bf4 Nc6 19. Bxc6 bxc6 20. Re1 Bxg5
21. Bxg5 h6 22. Bf4 Re8 23. Na4 Rb8 24. Bxb8
1-0

[Event "spring tournament"]
[Site "SchemingMind.com"]
[Date "2014.05.21"]
[Round "-"]
[White "JDan"]
[Black "Bengochess"]
[Result "0-1"]
[WhiteCountry "POL"]
[BlackCountry "BEL"]
[WhiteElo "1615"]
[WhiteRD "61"]
[BlackElo "1910"]
[BlackRD "149"]
[GameID "358690"]

1. e4 g6 2. d4 Bg7 3. Nf3 d6 4. Bc4 e6 5. d5 e5 6. Ng5 h6 7. Nf3 f5 8. Nc3 Nf6 9. Nd2 Nbd7 10. O-O Nc5
11. b4 Ncxe4 12. Ncxe4 fxe4 13. Re1 Bf5 14. f3 exf3 15. Qxf3 O-O 16. Bd3 e4 17. Nxe4 Nxe4 18. g4 Ng5 19. Qg3 Bxd3 20. Qxd3 Nf3+
21. Kf2 Qh4+
0-1

[Event "spring tournament"]
[Site "SchemingMind.com"]
[Date "2014.06.30"]
[Round "-"]
[White "kenneth m day"]
[Black "simpet"]
[Result "1-0"]
[WhiteCountry "USA"]
[BlackCountry "ENG"]
[WhiteElo "1754"]
[WhiteRD "50"]
[BlackElo "1650"]
[BlackRD "60"]
[GameID "360677"]

1. e4 e5 2. f4 Nc6 3. Nf3 exf4 4. d4 Bb4+ 5. Nc3 Nge7 6. Bxf4 d6 7. Be2 O-O 8. Qd3 a6 9. O-O f5 10. e5 dxe5
11. dxe5 Be6 12. a3 Qxd3 13. Bxd3 Rad8 14. axb4 Nd4 15. Ng5 Bc8 16. Be3 g6 17. Rf4 Ne6 18. Bc4
1-0

[Event "spring tournament"]
[Site "SchemingMind.com"]
[Date "2014.06.30"]
[Round "-"]
[White "simpet"]
[Black "kenneth m day"]
[Result "1-0"]
[WhiteCountry "ENG"]
[BlackCountry "USA"]
[WhiteElo "1690"]
[WhiteRD "61"]
[BlackElo "1657"]
[BlackRD "51"]
[GameID "360678"]

1. e4 e5 2. Nf3 d6 3. Bc4 Be7 4. d3 Bg4 5. Be3 Nf6 6. Nbd2 Nc6 7. h3 Be6 8. Bxe6 fxe6 9. O-O O-O 10. Ne1 Nd4
11. c3 Nc6 12. Nef3 Qe8 13. Ng5 Qd7 14. a3 h6 15. Ngf3 d5 16. Nh2 Qe8 17. f4 exf4 18. Bf2 Qg6 19. Ndf3 Nh5 20. Ng4 dxe4
21. dxe4 Qxe4 22. Re1 Qc4 23. Nge5 Nxe5 24. Nxe5 Qb5 25. Qxh5 Rf5 26. Qe2 Qxe2 27. Rxe2 Bf6 28. Ng4 Re8 29. Rd1 e5 30. Rd7 Bd8
31. Bxa7 h5 32. Nf2 b6 33. c4 Rf7 34. Red2 Bh4 35. Rxf7 Kxf7 36. Rd7+ Re7 37. Rxe7+ Kxe7 38. c5 b5 39. Nd3 Bf6 40. b3 Kd7
41. c6+ Kxc6 42. Bf2 Kd5 43. a4 bxa4 44. bxa4 e4 45. Nxf4+ Kc4 46. a5 Kb5 47. Be1 Bd4+ 48. Kf1 h4 49. Ne6 Be5 50. Ke2 c5
51. Ke3 c4 52. Kxe4 Bf6 53. Nd4+ Ka6 54. Kd5 Bd8 55. Nc6 Bc7 56. Kxc4 Kb7 57. Kb5 Kc8 58. Bxh4 Kb7 59. Bf2 Bxa5 60. Nxa5+
1-0

[Event "spring tournament"]
[Site "SchemingMind.com"]
[Date "2014.07.01"]
[Round "-"]
[White "logiske"]
[Black "Ronald R. Nurmi"]
[Result "1/2-1/2"]
[WhiteCountry "BEL"]
[BlackCountry "USA"]
[WhiteElo "1826"]
[WhiteRD "88"]
[BlackElo "1645"]
[BlackRD "73"]
[GameID "360804"]

1. e4 d5 2. exd5 Qxd5 3. Nc3 Qd6 4. Nf3 Nf6 5. Bc4 c6 6. d4 Bg4 7. Be3 Nbd7 8. h3 Bh5 9. Qd2 Nb6 10. Bb3 e6
11. Ng5 Bg6 12. O-O Be7 13. Rfe1 O-O 14. Rad1 Nbd5 15. Bxd5 cxd5 16. Bf4 Qb6 17. Na4 Qc6 18. Nc3 Bd6 19. Bxd6 Qxd6 20. Nf3 h6
21. Ne2 Rac8 22. c3 Ne4 23. Qe3 f6 24. Nd2 Nxd2 25. Rxd2 Rfe8 26. Qf4 Qxf4 27. Nxf4=
1/2-1/2

[Event "spring tournament"]
[Site "SchemingMind.com"]
[Date "2014.07.01"]
[Round "-"]
[White "Ronald R. Nurmi"]
[Black "logiske"]
[Result "0-1"]
[WhiteCountry "USA"]
[BlackCountry "BEL"]
[WhiteElo "1667"]
[WhiteRD "75"]
[BlackElo "1817"]
[BlackRD "86"]
[GameID "360805"]

1. d4 d5 2. Bf4 Nf6 3. e3 e6 4. Nd2 c5 5. c3 Nc6 6. Ngf3 Be7 7. Ne5 O-O 8. Bd3 Nxe5 9. dxe5 Nd7 10. Qh5 g6
11. Qh3 Bg5 12. Bxg5 Qxg5 13. f4 Qe7 14. Nf3 f5 15. O-O-O c4 16. Bc2 Nc5 17. g4 Bd7 18. gxf5 exf5 19. Rxd5 Bc6 20. Rd4 b6
21. Ng5 Bxh1
0-1

[Event "spring tournament"]
[Site "SchemingMind.com"]
[Date "2014.07.05"]
[Round "-"]
[White "poisonpawn1"]
[Black "bobbassbone"]
[Result "1-0"]
[WhiteCountry "ENG"]
[BlackCountry "ENG"]
[WhiteElo "1878"]
[WhiteRD "70"]
[BlackElo "1618"]
[BlackRD "54"]
[GameID "361031"]

1. c4 c6 2. Nc3 d5 3. d4 Nf6 4. e3 Bg4 5. f3 Bf5 6. cxd5 cxd5 7. g4 Bg6 8. h4 h6 9. Nge2 e6 10. Nf4 Bh7
11. Qb3 b6 12. g5 hxg5 13. hxg5 Nfd7 14. g6
1-0

[Event "spring tournament"]
[Site "SchemingMind.com"]
[Date "2014.07.07"]
[Round "-"]
[White "bobbassbone"]
[Black "poisonpawn1"]
[Result "0-1"]
[WhiteCountry "ENG"]
[BlackCountry "ENG"]
[WhiteElo "1618"]
[WhiteRD "54"]
[BlackElo "1878"]
[BlackRD "70"]
[GameID "361032"]

1. d4 c5 2. c3 Nf6 3. e3 e6 4. Nf3 Nc6 5. Bd3 d5 6. O-O Bd6 7. Re1 O-O 8. e4 dxe4 9. Bxe4 Nxe4 10. Be3 cxd4
11. Nxd4 Qc7 12. g3 Rd8 13. Qc2 Nxd4 14. Bxd4 Ng5 15. Nd2 Bxg3 16. fxg3 Rxd4 17. Rac1 Rxd2 18. Qa4 Nf3+
0-1

[Event "spring tournament"]
[Site "SchemingMind.com"]
[Date "2014.07.12"]
[Round "-"]
[White "eun77"]
[Black "jerryface"]
[Result "1-0"]
[WhiteCountry "ISR"]
[BlackCountry "USA"]
[WhiteElo "1403"]
[WhiteRD "82"]
[BlackElo "1712"]
[BlackRD "103"]
[GameID "361257"]

1. d4 d5 2. e3 Nf6 3. h3 e6 4. Nf3 Nbd7 5. Be2 b6 6. O-O Bb4 7. c3 Bd6 8. Nh2 O-O 9. Ng4 c5 10. Nxf6+ Nxf6
11. Nd2 c4 12. b3 b5 13. bxc4 bxc4 14. a4 a5 15. Ba3 Qe7 16. Bxd6 Qxd6 17. f4 Rb8 18. Rb1 Bd7 19. Rxb8 Rxb8 20. Qa1 Qc6
21. Rb1 Rxb1+ 22. Nxb1 Qxa4 23. Qxa4 Bxa4 24. Bf3 Bc6 25. Kf1 Ne4 26. Bxe4 dxe4 27. Ke2 f5 28. Kd2 h5 29. h4 Kf7 30. g3 g6
31. Kc2 Ke7 32. Kb2 Kd7 33. Na3 Kc7 34. Nxc4 Bb5 35. Nxa5 Kb6 36. Nb3 Kc6 37. Nc5 Kd6 38. Kb3 Kd5 39. Kb4 Bc6 40. Nb3 Bb7
41. Na5 Ba6 42. Nb3 Bc4= 43. Nc5 Bd3 44. Nd7
1-0

[Event "spring tournament"]
[Site "SchemingMind.com"]
[Date "2014.07.12"]
[Round "-"]
[White "jerryface"]
[Black "eun77"]
[Result "1-0"]
[WhiteCountry "USA"]
[BlackCountry "ISR"]
[WhiteElo "1759"]
[WhiteRD "104"]
[BlackElo "1376"]
[BlackRD "77"]
[GameID "361258"]

1. e4 e5 2. Nf3 d6 3. Nc3 c6 4. Bc4 h6 5. O-O Nf6 6. Re1 Be7 7. d4 exd4 8. Nxd4 O-O 9. a3 Nh7 10. Qf3 c5
11. Nb3 Be6 12. Bxe6 fxe6 13. Qg3 a6 14. Bxh6 Rf7 15. Rad1 Bg5 16. Bxg5 Qxg5 17. Qxd6 Nc6 18. Qxe6 Qf6 19. Qxf6 gxf6 20. Nxc5 b6
21. Ne6 Re7 22. Nf4 Kf7 23. Rd6 Rc8 24. Ncd5 Re5 25. Nxb6 Ne7 26. Nxc8 Nxc8 27. Rxa6 Ne7 28. Nd3 Rb5 29. c4 Rb3 30. Re3 Ke8
31. a4 Kf7 32. Ne5+ fxe5 33. Rxb3
1-0

[Event "spring tournament"]
[Site "SchemingMind.com"]
[Date "2014.07.15"]
[Round "-"]
[White "spoke"]
[Black "murmac"]
[Result "1-0"]
[WhiteCountry "GER"]
[BlackCountry "SCO"]
[WhiteElo "1832"]
[WhiteRD "81"]
[BlackElo "1155"]
[BlackRD "105"]
[GameID "361517"]

1. e4 c6 2. d4 d5 3. exd5 cxd5 4. c4 e6 5. Nc3 Nf6 6. Bg5 Be7 7. Nf3 O-O 8. c5 Nc6 9. Bb5 Nb4 10. a3 Nc6
11. O-O Qc7 12. Bxc6 bxc6 13. Ne5 Ne4 14. Bxe7 Qxe7 15. Nxe4 dxe4 16. Nxc6 Qc7 17. Nb4 f5 18. Rc1 Rf6 19. d5 Rf8 20. d6 Qf7
21. c6 Qf6 22. d7 Bxd7 23. cxd7 Rad8 24. Nc6
1-0

[Event "spring tournament"]
[Site "SchemingMind.com"]
[Date "2014.07.16"]
[Round "-"]
[White "murmac"]
[Black "spoke"]
[Result "0-1"]
[WhiteCountry "SCO"]
[BlackCountry "GER"]
[WhiteElo "1155"]
[WhiteRD "105"]
[BlackElo "1832"]
[BlackRD "81"]
[GameID "361518"]

1. e4 e5 2. Nf3 Nc6 3. Nc3 Nf6 4. Bc4 Nxe4 5. Nxe4 d5 6. Bb3 dxe4 7. Nxe5 Nxe5 8. O-O Bd6 9. d3 Bg4 10. Qe1 Qe7
11. Be3 O-O 12. h3 Bf5 13. dxe4 Bxe4 14. f3 Bc6 15. Bd4 Bc5 16. Bxc5 Qxc5+ 17. Kh1 Rfe8 18. Qg3 Rad8 19. Rae1 Bb5 20. c4 Bxc4
21. Bxc4 Nxc4 22. Rc1 Qe5 23. Qxe5 Nxe5
0-1

[Event "spring tournament"]
[Site "SchemingMind.com"]
[Date "2014.07.28"]
[Round "-"]
[White "emvarela"]
[Black "Kenny Elliott"]
[Result "1/2-1/2"]
[WhiteCountry "ARG"]
[BlackCountry "USA"]
[WhiteElo "1700"]
[WhiteRD "51"]
[BlackElo "1571"]
[BlackRD "76"]
[GameID "361914"]

1. e4 c5 2. Nf3 d6 3. d4 cxd4 4. Nxd4 e5 5. Nb3 Nf6 6. Nc3 Nc6 7. Bb5 Bd7 8. Bxc6 Bxc6 9. Bg5 Be7 10. Bxf6 Bxf6
11. O-O O-O 12. Qf3 Qc7 13. Qe3 a6 14. Rad1 Rad8 15. Rd2 b5 16. Nd5 Bxd5 17. exd5 Rfe8 18. Qe4 a5 19. a3 a4 20. Nc1 Bg5
21. Re2 Bxc1 22. Rxc1 Qc5 23. c4 Rb8 24. Rec2 b4 25. axb4 Rxb4 26. Qe3 Qd4 27. Qxd4 exd4 28. Kf1 Reb8 29. c5 d3 30. Rd2 dxc5
31. Rxc5 Kf8 32. Rxd3 Rxb2 33. g3 R2b3 34. Rd4 a3 35. Ra4 Ke7 36. Rca5 Kd6 37. Rxa3 Rxa3 38. Rxa3 Kxd5 39. Ra7 Ke6 40. Kg2 h5
41. h4 Rd8 42. Ra6+ Rd6 43. Rxd6+ Kxd6 44. Kf3 Ke5 45. g4 g6 46. gxh5 gxh5 47. Kg3 Kf5 48. Kf3 f6 49. Kg3 Ke5 50. f3 Kf5
51. Kg2 Kf4 52. Kf2 Ke5 53. Ke3 Kf5 54. Kf2 Kf4 55. Kg2 Ke5 56. Kf2 Kf4=
1/2-1/2

[Event "spring tournament"]
[Site "SchemingMind.com"]
[Date "2014.07.28"]
[Round "-"]
[White "Kenny Elliott"]
[Black "emvarela"]
[Result "1-0"]
[WhiteCountry "USA"]
[BlackCountry "ARG"]
[WhiteElo "1598"]
[WhiteRD "77"]
[BlackElo "1686"]
[BlackRD "48"]
[GameID "361915"]

1. d4 Nf6 2. c4 e6 3. Nc3 Bb4 4. Bd2 O-O 5. Nf3 Bxc3 6. Bxc3 d5 7. cxd5 Nxd5 8. e4 Nxc3 9. bxc3 Nd7 10. Bc4 Nb6
11. Qb3 Nxc4 12. Qxc4 Bd7 13. O-O a6 14. Rfd1 Bb5 15. Qb4 Qd6 16. Qb2 Rad8 17. Rd2 c5 18. e5 Qc6 19. a4 Bxa4 20. dxc5 Rxd2
21. Nxd2 Qb5 22. Qxb5 Bxb5 23. c4 Bc6 24. Nb3 Rd8 25. Na5 Rc8 26. Rd1 g6 27. f4 Kg7 28. Kf2 Be4 29. Rd4 Rxc5 30. Nb3 Rc7
31. Rxe4 Rc6 32. g4 Rb6 33. Nc5 a5 34. h4 h5 35. gxh5 gxh5 36. Rd4 Rb2+ 37. Ke3 b6 38. Nd3 Rh2 39. Rd6 Rxh4 40. Rxb6 Rh1
41. c5 Rh3+ 42. Ke4 f5+ 43. Kd4 Rh2 44. Rxe6 h4 45. c6 Rc2 46. Nc5 h3 47. c7 h2 48. c8=Q h1=Q 49. Qc7+
1-0

[Event "spring tournament"]
[Site "SchemingMind.com"]
[Date "2014.08.18"]
[Round "-"]
[White "logiske"]
[Black "poisonpawn1"]
[Result "0-1"]
[WhiteCountry "BEL"]
[BlackCountry "ENG"]
[WhiteElo "1802"]
[WhiteRD "84"]
[BlackElo "1961"]
[BlackRD "75"]
[GameID "363239"]

1. e4 e6 2. d4 d5 3. Nd2 Nc6 4. Ne2 dxe4 5. Nxe4 Nf6 6. Bg5 Be7 7. Nxf6+ Bxf6 8. Bxf6 Qxf6 9. Qd3 O-O 10. O-O-O Qxf2
11. Ng3 Rd8 12. c3 e5 13. Qf3 Qxf3 14. gxf3 exd4 15. Bb5 Ne5 16. f4 a6 17. Bxa6 Ng4
0-1

[Event "spring tournament"]
[Site "SchemingMind.com"]
[Date "2014.08.18"]
[Round "-"]
[White "poisonpawn1"]
[Black "logiske"]
[Result "1-0"]
[WhiteCountry "ENG"]
[BlackCountry "BEL"]
[WhiteElo "1961"]
[WhiteRD "75"]
[BlackElo "1802"]
[BlackRD "84"]
[GameID "363240"]

1. e4 c5 2. Nf3 Nc6 3. Nc3 e6 4. d4 cxd4 5. Nxd4 Bb4 6. Nxc6 bxc6 7. Qd4 Bxc3+ 8. Qxc3 Nf6 9. e5 Nd5 10. Qg3 Kf8
11. Be2 Qb6 12. O-O Ba6 13. Qa3+
1-0

[Event "spring tournament"]
[Site "SchemingMind.com"]
[Date "2014.11.18"]
[Round "-"]
[White "spoke"]
[Black "jerryface"]
[Result "1-0"]
[WhiteCountry "GER"]
[BlackCountry "USA"]
[WhiteElo "1831"]
[WhiteRD "70"]
[BlackElo "1676"]
[BlackRD "101"]
[GameID "369081"]

1. e4 e5 2. Nf3 Nc6 3. Bc4 Nf6 4. Ng5 d5 5. exd5 Nxd5 6. Nxf7 Kxf7 7. Qf3+ Ke6 8. Nc3 Ne7 9. d4 c6 10. Bg5 Qe8
11. Qe4 Kd7 12. Nxd5 cxd5 13. Bb5+ Nc6 14. Qxd5+ Kc7 15. O-O-O Qg6 16. f4 Nb4 17. Qd8+ Kb8 18. Bd3 e4 19. f5 Qxf5 20. Rhf1 Qg6
21. Bf4+
1-0

[Event "spring tournament"]
[Site "SchemingMind.com"]
[Date "2014.11.17"]
[Round "-"]
[White "jerryface"]
[Black "spoke"]
[Result "0-1"]
[WhiteCountry "USA"]
[BlackCountry "GER"]
[WhiteElo "1676"]
[WhiteRD "101"]
[BlackElo "1831"]
[BlackRD "70"]
[GameID "369082"]

1. e4 e5 2. Nf3 Nc6 3. Bb5 Bb4 4. Bxc6 dxc6 5. Nxe5 Qd4 6. Nd3 Qxe4+ 7. Qe2 Qxe2+ 8. Kxe2 Bd6 9. g3 Nf6 10. Re1 O-O
11. Kf1 Bh3+ 12. Kg1 Rfe8 13. b3 Bf5 14. Re3 Nd5 15. Rxe8+ Rxe8 16. Kf1 Bxd3+ 17. cxd3 Be5 18. Nc3 Nxc3 19. dxc3 Bxc3 20. Rb1 Re1+
21. Kg2 Bd2 22. Bxd2 Rxb1 23. Bf4 Ra1 24. Bxc7 Rxa2 25. d4 Rd2 26. Bb8 Rxd4 27. Bxa7 Rb4
0-1

[Event "spring tournament"]
[Site "SchemingMind.com"]
[Date "2014.12.11"]
[Round "-"]
[White "Kenny Elliott"]
[Black "grabapawn"]
[Result "1-0"]
[WhiteCountry "USA"]
[BlackCountry "USA"]
[WhiteElo "1635"]
[WhiteRD "75"]
[BlackElo "1535"]
[BlackRD "61"]
[GameID "371199"]

1. d4 d5 2. c4 Nf6 3. Nc3 Bf5 4. Nf3 e6 5. Bg5 Nc6 6. cxd5 exd5 7. e3 Be7 8. Bb5 a6 9. Bxc6+ bxc6 10. O-O O-O
11. h3 h6 12. Bf4 Nh5 13. Bh2 g5 14. g4 Be6 15. gxh5 g4 16. Ne5 gxh3 17. Nxc6 Qd7 18. Ne5 Qc8 19. Qd3 Bf5 20. e4 dxe4
21. Nxe4 Bf6 22. Nc6 Kh8 23. Qe3 Rg8+ 24. Bg3 Bh4 25. Qxh6+ Bh7 26. Ne5 Rg7 27. Kh2 Bxg3+ 28. fxg3 Kg8 29. Nf6+ Kh8 30. Nxh7 Rxh7
31. Nxf7+ Kg8 32. Qg6+ Rg7 33. Qf6 Qe8 34. Rae1 Qd7 35. Re7 Qd5 36. Nh6+ Kh8 37. Qxg7#
1-0

[Event "spring tournament"]
[Site "SchemingMind.com"]
[Date "2014.12.12"]
[Round "-"]
[White "grabapawn"]
[Black "Kenny Elliott"]
[Result "0-1"]
[WhiteCountry "USA"]
[BlackCountry "USA"]
[WhiteElo "1535"]
[WhiteRD "61"]
[BlackElo "1635"]
[BlackRD "75"]
[GameID "371200"]

1. e4 c5 2. Nc3 d6 3. Nf3 Nc6 4. Bc4 Bg4 5. h3 Bxf3 6. gxf3 Nf6 7. d3 g6 8. Be3 Bg7 9. Qd2 O-O 10. O-O-O e6
11. f4 d5 12. exd5 exd5 13. Nxd5 Nxd5 14. f5 Nxe3 15. fxe3 Qb6 16. c3 Rad8 17. fxg6 hxg6 18. h4 Ne5 19. Qe2 Rfe8 20. Bb3 c4
21. dxc4 Bh6 22. Rh3 Rxd1+ 23. Kxd1 Rd8+ 24. Kc2 Rd3 25. h5 Rxe3 26. Rxe3 Qxe3 27. Qxe3 Bxe3 28. hxg6 Nxg6 29. Kd3 Bg1 30. Ba4 f5
31. Bd7 f4 32. Bf5 Kg7 33. b4 f3 34. Kd2 Kf6 35. Bg4 f2 36. Ke2 Kg5 37. Bh3 Nf4+
0-1

[Event "spring tournament"]
[Site "SchemingMind.com"]
[Date "2015.01.09"]
[Round "-"]
[White "simpet"]
[Black "Kenny Elliott"]
[Result "0-1"]
[WhiteCountry "ENG"]
[BlackCountry "USA"]
[WhiteElo "1487"]
[WhiteRD "67"]
[BlackElo "1659"]
[BlackRD "76"]
[GameID "372701"]

1. e4 c5 2. Bc4 d6 3. Nf3 Bg4 4. O-O e5 5. Bxf7+ Kxf7 6. d3 Ke8 7. Bg5 Be7 8. Bxe7 Nxe7 9. Nbd2 Qb6 10. b3 Nbc6
11. h3 Bh5 12. Qe1 Bxf3 13. Nxf3 h6 14. c3 Kd7 15. Qe2 Rag8 16. Nh4 g5 17. Nf5 Nxf5 18. exf5 h5 19. d4 cxd4 20. cxd4 Nxd4
21. Qe4 g4 22. h4 g3 23. Rac1 Rg4 24. Qd3 gxf2+ 25. Rxf2 Rxh4 26. f6 Ne6 27. g3 Rg4 28. Rc4 Rxc4 29. Qxc4 Qe3 30. Kg2 Rf8
31. Qb5+ Kd8 32. Qxb7 Nf4+ 33. gxf4 Rg8+ 34. Kf1 Qd3+
0-1

[Event "spring tournament"]
[Site "SchemingMind.com"]
[Date "2015.01.10"]
[Round "-"]
[White "Kenny Elliott"]
[Black "simpet"]
[Result "1-0"]
[WhiteCountry "USA"]
[BlackCountry "ENG"]
[WhiteElo "1659"]
[WhiteRD "76"]
[BlackElo "1487"]
[BlackRD "67"]
[GameID "372702"]

1. d4 Nf6 2. c4 e6 3. Bg5 Be7 4. Nf3 O-O 5. Nc3 Bb4 6. g3 Nc6 7. d5 Bxc3+ 8. bxc3 h6 9. Bxf6 Qxf6 10. Bg2 Qxc3+
11. Nd2 Nb4 12. Rc1 Qe5 13. O-O Nxa2 14. Rc2 Nb4 15. Rc1 d6 16. Rb1 a5 17. dxe6 Qxe6 18. e3 Rb8 19. Nb3 b6 20. Nd4 Qxc4
21. Rc1 Qa6 22. Rxc7 Bb7 23. Nf5 Bxg2 24. Kxg2 Rb7 25. Qxd6 Qa8 26. Ne7+ Kh7 27. Kh3 Rxc7 28. Qxc7 Qd8 29. Qb7 Re8 30. Nf5 Kg8
31. Qf3 Qd5 32. Qxd5 Nxd5 33. Nd4 Rc8 34. Rb1
1-0

[Event "spring tournament"]
[Site "SchemingMind.com"]
[Date "2015.04.06"]
[Round "-"]
[White "Kenny Elliott"]
[Black "spoke"]
[Result "1-0"]
[WhiteCountry "USA"]
[BlackCountry "GER"]
[WhiteElo "1648"]
[WhiteRD "74"]
[BlackElo "1754"]
[BlackRD "65"]
[GameID "377836"]

1. d4 Nf6 2. c4 g6 3. Nc3 Bg7 4. Nf3 O-O 5. g3 d6 6. Bg2 Nc6 7. d5 Na5 8. Qd3 Bf5 9. e4 Bd7 10. b4 Nxe4
11. Bb2 Nxc3 12. bxa5 Na4 13. Bxg7 Kxg7 14. Qd4+ Kg8 15. O-O Nc5 16. Nd2 e5 17. dxe6 Bxe6 18. Rad1 Rb8 19. Nb3 Nxb3 20. axb3 Qe7
21. Qxa7 Ra8 22. Qxb7 Rfb8 23. Qxa8 Rxa8 24. Bxa8 Bf5 25. a6 Qd8 26. Bd5 Qb8 27. Ra1 Qa7 28. Rfe1 Kf8 29. Kg2 Bc2 30. b4 Bb3
31. b5 Bc2 32. Re3 Bf5 33. Rae1 Qc5 34. Re8+ Kg7 35. Ra1
1-0

[Event "spring tournament"]
[Site "SchemingMind.com"]
[Date "2015.04.05"]
[Round "-"]
[White "spoke"]
[Black "Kenny Elliott"]
[Result "1-0"]
[WhiteCountry "GER"]
[BlackCountry "USA"]
[WhiteElo "1754"]
[WhiteRD "65"]
[BlackElo "1648"]
[BlackRD "74"]
[GameID "377837"]

1. e4 c5 2. Nf3 d6 3. d4 cxd4 4. Nxd4 e5 5. Bb5+ Bd7 6. Bxd7+ Nxd7 7. Nf5 Qb6 8. Nc3 g6 9. Ne3 Bg7 10. Nc4 Qc5
11. Nxd6+ Ke7 12. Nxf7 Kxf7 13. Qxd7+ Ne7 14. Bg5 Rae8 15. O-O-O Bf6 16. Bxf6 Kxf6 17. Rd6+ Kf7 18. Nd5 Qxf2 19. Rf6+ Qxf6 20. Nxf6 Kxf6
21. Rf1+ Kg7 22. Qe6 Rhf8 23. Qxe5+ Kg8 24. Rxf8+ Kxf8 25. Qh8+ Ng8 26. Qxh7 Rxe4 27. Qxg6
1-0